000 00559nam a22001937a 4500
003 SISC
005 20160317152240.0
008 130906t xxu||||| |||| 00| 0 eng d
020 _a0004126696
050 _aNC 783.8
_b.B469 1995
082 _aHS 741.2
_bB439 1993
100 _aBennett, Darren
_916695
245 _aLearn to draw cats :
_ba step-by-step guide to drawing success /
_cDarren Bennett
260 _aLondon :
_bHarper Collins,
_cc1995.
300 _a63 p. :
_bill. ;
_c28 cm.
650 _aCats
_916696
942 _2lcc
_cBK
999 _c10470
_d10470